000 00979nam a2200217 a 4500
001 000028253
005 20200930031459.0
008 110407s1999 dr a 000 0 spa d
040 _aDO-SdBNP
_bspa
_cBNPHU
082 _axxx
_bM553p
100 1 _aMercedes, Ayacx
_955244
245 1 0 _aGobierno Central : ¿espacio para la participación y construcción de ciudadanía?
246 1 4 _aParticipación y construcción de ciudadanía.
260 _aSanto Domingo :
_bIDEGRAF,
_c1999.
300 _a45 p. ;
_c22 cm.
500 _aIncluye datos biográficos del autor en la contracubierta
500 _a"Ponencia presentada originalmente en el seminario " problemas sociales urbanos", organizada por la PUCMM, octubre de 1997". se han realizado algunas modificaciones para incorporar acciones desarrolladas posteriormente por la CPADB.
504 _aBibliografía p. 44-45
710 2 _aSeminario problemas sociales urbanos
_d(1997 oct. :
_cSanto Domingo)
_955245
049 _aBNPD
999 _c27745
_d27745